000 00645cab a2200181 4500
001 L135829
008 061212n2006 000 0 eng u
035 _a(Sirsi) u135829
041 0 _aeng
100 1 _aJackson, David
245 0 0 _aClarity is always key
260 _c2006
490 0 _aEstates Gazette
_v(0646) 18 November 2006, 204-205(2)
520 _aDiscusses the necessity for clear definitions in leases in order to avoid disputes as to repairing obligations, highlighting the frequent use of vague terms and the need for best practice.
651 4 _aEngland and Wales
_y1543-
690 _aLandlord and tenant
_96252
942 _n0
999 _c78023
_d78023